MARC

LEADER 00000nam0a2200000 4500
001 304303
005 20231102001704.0
020 |a RU  |b 83-42711 
035 |a (RuTPU)RU\TPU\book\329538 
090 |a 304303 
100 |a 20150912d1983 km y0rusy5003 ca 
101 0 |a rus 
102 |a RU 
105 |a a z 001zy 
200 1 |a Агрегатный комплекс средств измерения вибрации  |f В. А. Маленький [и др.]  |g под ред. О. Е. Шведенко 
210 |a Москва  |c Машиностроение  |d 1983 
215 |a 127 с.  |c ил.  |d 21 см 
225 1 |a Библиотека приборостроителя 
300 |a Авт. указаны на обороте тит. л. 
320 |a Библиогр.: с. 125-126 
606 1 |a Виброизмерительная аппаратура  |x (акустика)  |2 stltpush  |3 (RuTPU)RU\TPU\subj\38214  |9 58868 
610 1 |a вибрация 
610 1 |a средства измерения 
610 1 |a механические колебания 
610 1 |a акустические колебания 
610 1 |a измерение 
610 1 |a преобразователи 
610 1 |a подкомплексы 
675 |a 534.6  |z rus  |v 4 
701 1 |a Маленький  |b В. А.  |g Владимир Александрович 
701 1 |a Недужко  |b И. М.  |g Иван Михайлович 
701 1 |a Орлов  |b Б. Г.  |g Борис Григорьевич 
701 1 |a Самойленко  |b Н. Т.  |g Николай Терентьевич 
702 1 |a Шведенко  |b О. Е.  |g Олег Евгеньевич  |4 340 
801 0 |a RU  |b RuMRKP  |c 19950704  |g psbo 
801 1 |a RU  |b 63413507  |c 20150912 
801 2 |a RU  |b 63413507  |c 20180621  |g RCR 
942 |c BK